| 000 | 00845nam a22002777a 4500 | ||
|---|---|---|---|
| 001 | 20742 | ||
| 003 | DO-SdBNP | ||
| 005 | 20180206114957.0 | ||
| 007 | 20742 | ||
| 008 | 880617s1987 sp spa | ||
| 016 | 7 | _2BPMSU | |
| 020 | _a8434585944 | ||
| 040 |
_aBPMSU _bspa _cBPMSU |
||
| 100 | 1 |
_aRodgers, Mary _d1931-2014 |
|
| 240 | 1 | 0 |
_aFreaky friday _lEspañol |
| 245 | 1 | 3 |
_aUn viernes embrujado _cMary Rodgers ; traducción de Barbara McShane y Javier Alfaya |
| 260 | 1 |
_aBarcelona : _bSalvat, _c1987 |
|
| 300 |
_a118 p.: _c22 cm. |
||
| 490 | 1 |
_aBiblioteca juvenil _v14 |
|
| 700 | 1 | 1 |
_aMcShane, Barbara _4traducción |
| 700 | 1 | 1 |
_aAlfaya, Javier _d1939- _4traducción |
| 830 | 0 |
_aBiblioteca juvenil (Salvat Editores) _v14 |
|
| 942 |
_2ddc _cBK |
||
| 945 | _ainventariado, 2018 / dg | ||
| 956 |
_aVMATEO _210 _320151119 _6BPMSU _800151 |
||
| 999 |
_c8819 _d8819 |
||